000 00316nam a22001337a 4500
008 170525b xxu||||| |||| 00| 0 eng d
020 _a9225997-X
041 _aeng
080 _a62
100 _a26
101 _aIM
245 _aCOMPLEX VARIABLES APPLIED IN SCIENCE AND ENGINEERING
_cWAYLAND, H
942 _2udc
_cBK
999 _c14228
_d14228